Catálogo
 En Linea

Ojeada histórico-crítica : (Registro nro. 5983)

Detalles MARC
000 -CABECERA
campo de control de longitud fija 00988nam a2200253 a 4500
001 - NÚMERO DE CONTROL
campo de control 000006188
005 - FECHA Y HORA DE LA ÚLTIMA TRANSACCIÓN
campo de control 20200929151951.0
008 - DATOS DE LONGITUD FIJA--INFORMACIÓN GENERAL
campo de control de longitud fija 770928s19-- sp 001 pdspa
040 ## - FUENTE DE LA CATALOGACIÓN
Centro catalogador/agencia de origen DO-SdBNP
Lengua de catalogación spa
Centro/agencia transcriptor BNPHU
082 ## - NÚMERO DE LA CLASIFICACIÓN DECIMAL DEWEY
Número de clasificación E861.2
Número de documento/Ítem M552o
100 1# - ENTRADA PRINCIPAL--NOMBRE DE PERSONA
Nombre de persona Mera, Juan León,
Fechas asociadas al nombre 1832-1894.
9 (RLIN) 15561
245 10 - MENCIÓN DE TÍTULO
Título Ojeada histórico-crítica :
Resto del título sobre la poesía ecuatoriana /
Mención de responsabilidad, etc. Juan León Mera.
260 ## - PUBLICACIÓN, DISTRIBUCIÓN, ETC.
Lugar de publicación, distribución, etc. Quito, Ecuador :
Nombre del editor, distribuidor, etc. Publicaciones Educativas "Ariel",
Fecha de publicación, distribución, etc. [190--].
300 ## - DESCRIPCIÓN FÍSICA
Extensión 2t. ;
Dimensiones 19 cm.
490 1# - MENCIÓN DE SERIE
Mención de serie Clásicos Ariel
Designación de volumen o secuencia no. 23
490 1# - MENCIÓN DE SERIE
Mención de serie Clásicos Ariel
Designación de volumen o secuencia no. 31
500 ## - NOTA GENERAL
Nota general El tomo 1 posee la colección no. 23.
500 ## - NOTA GENERAL
Nota general El tomo 2 posee la colección no. 31.
650 #4 - PUNTO DE ACCESO ADICIONAL DE MATERIA--TÉRMINO DE MATERIA
Término de materia o nombre geográfico como elemento de entrada Poesía ecuatoriana
Subdivisión general Historia y crítica
9 (RLIN) 10607
650 #4 - PUNTO DE ACCESO ADICIONAL DE MATERIA--TÉRMINO DE MATERIA
Término de materia o nombre geográfico como elemento de entrada Literatura ecuatoriana
Subdivisión general Historia y crítica
Subdivisión cronológica SIGLO XIX
9 (RLIN) 17340
650 #4 - PUNTO DE ACCESO ADICIONAL DE MATERIA--TÉRMINO DE MATERIA
Término de materia o nombre geográfico como elemento de entrada Literatura latinoamericana
Subdivisión general Historia y crítica
Subdivisión cronológica SIGLO XIX
9 (RLIN) 17341
830 #0 - PUNTO DE ACCESO ADICIONAL DE SERIE-TÍTULO UNIFORME
Título uniforme Clásicos Ariel ;
Designación de volumen o secuencia no. 23
9 (RLIN) 3125
830 #0 - PUNTO DE ACCESO ADICIONAL DE SERIE-TÍTULO UNIFORME
Título uniforme Clásicos Ariel ;
Designación de volumen o secuencia no. 31
9 (RLIN) 3125
Existencias
Estado de retiro Estado de pérdida Restricciones de uso No para préstamo Código de colección Localización permanente Ubicación/localización actual Ubicación en estantería Fecha de adquisición Número de inventario Total de préstamos Signatura topográfica completa Código de barras Fecha visto por última vez Precio válido a partir de Tipo de ítem Koha
      Excluido de préstamo Monografías: Libros y Folletos General General Depósito 26.08.2009 LF1   v. 1 6188-10 25.06.2020 25.06.2020 No se presta
      Excluido de préstamo Monografías: Libros y Folletos General General Depósito 04.09.2009 LF1   v. 2 6188-20 25.06.2020 25.06.2020 No se presta

Con tecnología Koha